000 00862nam a2200205 a 4500
001 000030918
005 20250924073803.0
008 110606s1984 dr 000 0 spa d
040 _aDO-SdBNP
_bspa
_cBNPHU
111 1 _aConferencia dictada por el Dr. Fenando Sánchez Martínez, rector de la Universidad Autónoma de Santo Domingo
_d(1984:
_cMoca
_n28 de septiembre )
_957437
245 1 0 _aMédicos sobresalientes de Moca.
260 _aSanto Domingo :
_bUniversidad Autónoma de Santo Domingo,
_c1984.
300 _a19 p. ;
_c22 cm.
490 1 _aPublicaciones de la Universidad Autónoma de Santo Domingo
_v343
490 1 _aDiscursos
_vno. 5
500 _aIncluye referencias bibliográficas y notas al pie de las páginas
830 0 _aDiscursos
_n5
_953344
830 _aPublicaciones de la Universidad Autónoma de Santo Domingo
_v343
_952
049 _aBNPD
999 _c30410
_d30410